[Event "Lindores Abbey Prelim"]
[Site "chess24.com INT"]
[Date "2020.05.20"]
[Round "7"]
[White "Duda, Jan Krzysztof"]
[Black "Carlsen, Magnus"]
[Result "1-0"]
[WhiteElo "2753"]
[BlackElo "2863"]
[Annotator "Duda,Jan Krzysztof"]
[PlyCount "85"]
[EventDate "2020.05.19"]
[EventType "tourn (rapid)"]
[EventRounds "11"]
[EventCountry "USA"]
[EventCategory "21"]
[SourceTitle "CBM 197 Extra"]
[Source "ChessBase"]
[SourceDate "2020.09.30"]
[SourceVersion "1"]
[SourceVersionDate "2020.09.30"]
[SourceQuality "1"]

{[%evp 0,36,25,-23,-11,-19,-19,-15,-15,-14,-13,-24,-14,-28,-38,-70,-44,-47,-47,
-47,0,-33,-6,-54,-8,-6,-17,-34,-11,-34,-12,35,60,49,69,66,72,84,81]} {Playing
Magnus is always a remarkable event for me, and I'm very happy I got invited
to one of those Magnus' tournaments. This very win made a huge impact on chess
popularization in Poland, as sport media were eager for new sensations,
because most of the sports were frozen at the time due to pandemic. I gave an
enormous number of interviews in almost all polish mainstream media, being
lucky that there was no football coverage yet. Sometimes my win was used even
a political context, as one of the heavy presidential candindates (current
president) is also named Duda. At the moment Poland is divided into halves in
this topic, so I won't go any further, but for sure the win did a great job
for our beautiful discipline in Poland :)} 1. c4 {Mueller,Karsten} e5 2. Nc3
Nf6 3. Nf3 Nc6 4. e3 Bb4 5. Qc2 O-O $5 {An invitation for a sharp play,} ({
rather than the dull and ultra-solid} 5... Bxc3 6. Qxc3 Qe7) 6. Nd5 Re8 7. Qf5
{A nice idea thought up back in late 70's by Raymond Keene. White sets out to
damage Black's kingside while Black gets an advantage in development, which
often leads to sharp play.} d6 8. Nxf6+ gxf6 (8... Qxf6 9. Qxf6 gxf6 10. a3 Ba5
11. b4 Bb6 12. Bb2 $14 {is slightly better for White. Playing Black beware the
following trick:} a5 13. b5 Nd8 14. d4 Bg4 $2 (14... a4) 15. c5 $1 dxc5 (15...
Ba7 16. b6 $1 {is an essence}) 16. dxe5 $16 {and White is close to winning
already 1-0 (44) Karpov,A (2696)-Bacrot,E (2594) Cannes 2000}) 9. Qh5 (9. Qc2 {
is an option.}) 9... d5 (9... e4 {is another alternative, which requires some
knowledge.}) 10. a3 (10. Bd3 {is perhaps a more challenging move order for
Black.} e4 (10... h6 11. cxd5 Qxd5 12. Bc2 $36) 11. cxd5 Bf8 $1 {Clearly the
strongest} (11... exd3 12. dxc6 bxc6 13. Qh4 $1 {with b3 coming next, makes
the difference.}) 12. a3 exd3 13. dxc6 bxc6 {and the same position as in the
game occurs.}) 10... Bf8 11. Bd3 e4 (11... h6 $5 {is an additional possibility
in this move order which equalizes easily, e.g.} 12. cxd5 Qxd5 13. Bb1 Be6 14.
d3 f5 15. O-O e4 16. Nd4 Nxd4 17. exd4 $11 {.}) 12. cxd5 exd3 (12... Nd4 $5 13.
Nxd4 Re5 14. Qh4 exd3 15. Nf3 Rxd5 16. b4 Bg7 17. Bb2 Rg5 $5 {is a funny trick}
18. O-O Rg4 19. Qh5 Rg6 20. Qc5 Bh3 21. Ne1 {White should be better here.}) 13.
dxc6 bxc6 14. b4 a5 (14... Qd5 $5 {is a far better version of the endgame
Black later got in the game.} 15. Qxd5 $8 cxd5 16. Bb2 a5 17. O-O (17. bxa5
Rxa5 18. Bxf6 Bg7 $5 19. Bxg7 Kxg7 20. O-O Bg4 $11) 17... axb4 18. axb4 Rxa1
19. Rxa1 Bxb4 20. Bxf6 c5 $11 {should be equal.}) (14... Re4 15. Bb2 Bg4 16.
Qh4 {is promising for White.}) 15. Bb2 Re4 $6 (15... axb4 $1 {was the simplest
and the best, although perhaps Magnus wanted to get me out of the book.} 16.
axb4 Rxa1+ 17. Bxa1 Re4 18. O-O (18. Nd4 {is not great in this version:} Rg4 $1
19. Nxc6 $4 Qd6 20. b5 Rg5 21. Qf3 Rxb5 22. O-O Bb7 $19) 18... Rxb4 $11 {
where White has enough compensation, but Black's play shouldn't be troublesome
at all.}) 16. Nd4 $1 {My first own move, and in hindsight the best} Qd5 $6 {
Magnus was clearly not comfortable here, as he spent what felt like ages to
make this sad move, leaving himself only with 2,5 minutes left.} (16... Rg4 17.
Nxc6 (17. g3 $2) 17... Qd7 18. b5 Rxg2 19. Qf3 Rg6 20. h4 $36 {is also
extremely unpleasant for Black to play.}) (16... Bg4 17. Qh4) (16... axb4 17.
Nxc6 Qd6 18. Nxb4 {is clearly better for White}) 17. Qxd5 cxd5 18. f3 $16 {
Now White has a dream endgame, which is close to winning already.} Re8 (18...
Re7 19. b5 a4 20. Kf2 {Here Black is not on time to attack the b5-pawn by
means of Bd7-Bd6-Reb8 etc., so White is much better.}) 19. Nb5 $1 (19. b5 $2 a4
$1 $14 {White has always to watch out for this little annoying move, which
creates two targets on White's queenside at once.}) 19... Re7 $8 20. Bxf6 Rd7
21. Kf2 Ba6 (21... c6 22. Nc3 Ra6 23. bxa5 c5 24. Be5 f6 25. Bf4 Rxa5 26. Rhb1
$16) 22. Nd4 Bc4 23. Rhb1 $2 {A fruit of a pathetic omitting, as I somehow
missed Black's 25th move.} ({The correct} 23. Nf5 $1 $18 {would be a simple &
wise choice, aiming to put the bishop on c3, so that the entire queenside
would be under control.}) 23... Ra6 24. Be5 $6 (24. Bh4 {is objectively better,
but obviously it's an achievement for Black to expel the dark-squared bishop
from the a1-h8 diagonal.}) 24... f6 25. b5 Rb6 ({I was only calculating} 25...
fxe5 26. bxa6 exd4 27. a7 dxe3+ 28. dxe3 Rd8 29. Rb8 $18) ({or} 25... Bxb5 26.
Bxc7 {where White is on his way to convert the advantage. Now, however, most
part of White's advantage is gone}) 26. Bf4 a4 $16 {Not only I managed to lose
coordination between my pieces, I also got fixed with two pernament weaknesses
on a3 and b5. By this stage of the game I thought a draw is a likely outcome,
as I couldn't see any way to make meaningful progress.} 27. g4 Bc5 28. h4 Kf7
29. Kg3 (29. g5) 29... Bxd4 {During the game I was wondering how I would have
made progress if Black had adopted a waiting strategy? Apparently with the
help of the engines it seems White can activate his rooks, generating a bunch
of threats in each case, no matter how Black reacts} (29... Rb7 30. g5 Rd8 (
30... Rb6 31. Kg4 Ke8 32. Rc1) 31. Kg4 $5 Re8 (31... Rg8 32. Kf5) 32. Nf5 Reb8
33. Rc1 Rc8 34. e4 $16) (29... Kg6 30. g5 Rg7 31. Kf2 Rd7 32. h5+ Kf7 33. Rg1
fxg5 34. Rxg5 $18 {However I think it was worth going this path, as many of
White's move look bizzare to me, and I seriously doubt I would keep the
position under control.}) 30. exd4 Bxb5 31. Rb4 {Mueller,Karsten: 'Bishops of
opposite colours favour the attacking side Pure opposite coloured bishop
endings have a high tendency to be drawn. But when other pieces, e.g., rooks
are added to the mix, this favours (as it does in the middlegame) the
attacking side and the endings are in no way drawish:' Mueller,Karsten:
'Ungleichfarbige Läufer begünstigen den Angreifer Reine ungleichfarbige
Läuferendspiele haben eine hohe Remistendenz. Wenn aber noch weitere Figuren
wie zum Beispiel Türme hinzukommen, begünstigen sie wie im Mittelspiel den
Angreifer und haben mit Remis nicht viel zu tun:'} Re7 $2 {Actually the losing
mistake. Mueller,Karsten: 'After this the floodgates open.' Mueller,Karsten:
'Danach brechen die Dämme.'} (31... c6 {Mueller,Karsten: '!' Mueller,Karsten:
'was the final option to offer chances of a draw.' Mueller,Karsten: 'war die
letzte Option mit praktischen Remischancen.'} 32. Re1 Rbb7 33. Rbb1 Re7 34.
Rxe7+ Rxe7 35. g5 Re2 36. Kg4 $16 {is better for White, but it's difficult to
assess how big his chances are.}) 32. Rab1 {Mueller,Karsten: '+-'} Bc4 (32...
c6 33. Rxa4 {is what Magnus missed.}) 33. Rxb6 cxb6 34. Rxb6 $18 {The
opposite-coloured bishops only make up for a drawing chances. In fact it's
hard to imagine a more useless minor piece than Black's light-squared bishop
here. Sensing that I was winning, I got tense, which affected on my play a bit,
even though I didn't spoil my position. It's not everyday that you get a
chance to beat a 3-times World Champion, even if only in an online game.} Bb3
35. Bd6 Rd7 36. f4 {With the lovely idea of f5-Be5 in mind!} f5 37. g5 (37. Be5
$1 {was basically an instant clincher, but I refused the idea of breaking my
kingside phalanx on subconscious level}) 37... Bd1 38. Bc5 (38. Be5 $5 {
Mueller,Karsten} Bg4 39. Rh6 Kg8 40. h5 Rb7 41. g6 Rd7 42. Kh4 $18) 38... Kg7
39. Kf2 Rd8 40. Rb7+ Kg6 41. Re7 Rb8 42. Re6+ Kh5 $6 (42... Kg7 43. Bd6 {
is terribly bad, but at least is not an immediate resigns.} Rb2 {Mueller,
Karsten} 44. Be5+ Kf7 45. Rf6+ Kg8 46. Rd6 Ra2 47. Ke3 Rxa3 48. Rd8+ Kf7 49.
Rd7+ Kg8 50. Rg7+ Kf8 51. Rxh7 $18) 43. Kg3 {with the unstoppable Rh6# to
follow. What a beautiful moment it was! Mueller,Karsten: 'Duda's king closes
the mating net.' Mueller,Karsten: 'Dudas König schließt das Mattnetz.'} 1-0

[Event "Lindores Abbey Prelim"]
[Site "chess24.com INT"]
[Date "2020.05.21"]
[Round "9"]
[White "Karjakin, Sergey"]
[Black "Carlsen, Magnus"]
[Result "1/2-1/2"]
[WhiteElo "2709"]
[BlackElo "2881"]
[Annotator "Mueller,Karsten"]
[PlyCount "116"]
[EventDate "2020.05.19"]
[EventType "tourn (rapid)"]
[EventRounds "11"]
[EventCountry "USA"]
[EventCategory "21"]
[SourceTitle "CBM 196 Extra"]
[Source "ChessBase"]
[SourceDate "2020.07.31"]
[SourceVersion "1"]
[SourceVersionDate "2020.07.31"]
[SourceQuality "1"]

{[%evp 0,116,25,33,41,71,37,33,36,26,47,25,86,43,19,40,39,39,71,76,69,67,31,29,
53,66,51,32,64,53,50,18,18,36,52,69,67,56,62,65,42,43,43,-1,0,0,-23,-42,-35,
-31,-27,-33,-30,-26,-42,-23,-15,-17,4,-22,-26,-24,-25,-21,-21,-16,-21,-28,-20,
-23,-23,-23,-12,-12,-12,-6,22,52,22,48,53,43,38,35,43,26,87,-10,-1,0,0,-31,-32,
0,0,0,0,0,7,6,6,5,5,5,5,4,3,3,3,3,3,2,2,2,4,2,4,0,0]} 1. e4 c5 2. Nf3 e6 3. d4
cxd4 4. Nxd4 Nf6 5. Nc3 d6 6. g4 e5 7. Bb5+ Bd7 8. Bxd7+ Qxd7 9. Nf5 h5 10.
gxh5 Nxh5 11. Nd5 Nc6 12. Bg5 g6 13. Ng3 Bg7 14. c3 Nf4 15. h4 Nxd5 16. Qxd5
Bh6 17. Bf6 Ne7 18. Qd3 Rh7 19. Rd1 Rd8 20. h5 Bf4 21. hxg6 Rxh1+ 22. Nxh1 fxg6
23. Ng3 Qe6 24. Qb5+ Rd7 25. Bxe7 Kxe7 26. Ne2 Bg5 27. Qd5 Qxd5 28. Rxd5 Ke6
29. Rd3 Rh7 30. Rg3 Rh1+ 31. Rg1 Rxg1+ 32. Nxg1 d5 33. f3 b5 34. Ke2 dxe4 35.
fxe4 Bc1 36. b3 Bb2 37. Kd3 g5 38. Kc2 Ba3 39. b4 a5 {Black immediately breaks
out of prison. Schwarz sprengt das Gefängnis sofort auf.} ({Surprisingly
Überraschenderweise hält auch} 39... Kf6 {also holds the draw: remis:} 40.
Ne2 Kg6 41. Kb3 Kh5 42. Kxa3 Kg4 43. Ng1 Kg3 44. Kb2 Kg2 45. Ne2 Kf3 46. Nc1
Kxe4 47. a4 g4 48. axb5 Ke3 49. Kc2 g3 50. Kd1 g2 51. Ne2 Kd3 52. Ke1 g1=Q+ 53.
Nxg1 Kxc3 $11) 40. Kb3 Bc1 41. bxa5 Be3 42. Ne2 Kd6 43. c4 (43. Ng3 Kc6 44. Nf5
Bc5 45. Nh6 Kb7 46. Ng4 Bd6 47. a4 Ka6 48. axb5+ Kxb5 $11) 43... Kc5 44. cxb5
Kxb5 45. Kc3 g4 46. Kd3 Bf2 47. Nc3+ Kxa5 48. Ke2 Bh4 49. Nd5 Ka4 50. Ne3 g3
51. Kf3 Ka3 52. Nc4+ Kxa2 53. Nxe5 Kb3 54. Ng6 Bf6 55. Kxg3 Kc4 56. Kf4 Kd4 57.
Kf5 Ke3 58. Kxf6 Kxe4 1/2-1/2

[Event "Lindores Abbey Final 8"]
[Site "chess24.com INT"]
[Date "2020.05.24"]
[Round "1.11"]
[White "Carlsen, M."]
[Black "So, Wesley"]
[Result "1-0"]
[WhiteElo "2863"]
[BlackElo "2770"]
[Annotator "Edouard,R"]
[PlyCount "65"]
[EventDate "2020.05.23"]
[EventType "k.o. (rapid)"]
[EventRounds "3"]
[EventCountry "USA"]
[SourceTitle "CBM 196 Extra"]
[Source "ChessBase"]
[SourceDate "2020.07.31"]
[SourceVersion "1"]
[SourceVersionDate "2020.07.31"]
[SourceQuality "1"]

1. d4 Nf6 2. c4 e6 3. Nc3 Bb4 4. Nf3 O-O 5. Bg5 c5 6. Rc1 cxd4 7. Nxd4 h6 8.
Bh4 d5 9. cxd5 g5 10. Bg3 Qxd5 11. e3 Qxa2 12. Qc2 Bxc3+ $5 $146 {An
interesting idea.} ({As far as I know, there is nothing wrong with the main
move} 12... Nd5 {except it's a bit easier to play as White:} 13. h4 Nxc3 14.
bxc3 (14. hxg5 Na4+ 15. Kd1 Qxb2 16. Qxb2 Nxb2+ 17. Kc2 hxg5 18. Kxb2 Be7 19.
Be5 (19. Bd3 Nd7 20. Rh6 Bf6 21. Rc7 Bd8 22. Rc1 Bf6 23. Rc7 Bd8 24. Rc1 {
½-½ Nechaeva,M (2410)-Kovanova,B (2369) Yaroslavl 2018}) 19... f6 20. Bg3 Nc6
21. Nxc6 bxc6 22. Rxc6 Rf7 23. Bc4 Bd7 24. Rxe6 Bxe6 25. Bxe6 Kg7 26. Bxf7 Kxf7
$11 {½-½ (38) Brunner,N (2462)-Leko,P (2709) Germany 2017}) 14... Qxc2 15.
Rxc2 Be7 16. hxg5 hxg5 17. f4 $1 Nc6 18. fxg5 Bxg5 19. Rh5 $1 f6 (19... Bxe3
20. Nxc6 bxc6 21. Bd6 $36) 20. Nf3 Bxe3 21. Re2 Bc1 22. Re4 e5 23. Bc4+ Kg7 24.
Reh4 Kg6 25. Rh7 e4 $5 (25... Bg4 26. Bd3+ f5 27. Nxe5+ Nxe5 28. Bxe5 Kg5 $8
29. g3 Rg8 30. Rxb7 Rae8 31. Rb5 Rg6 32. Kf2 Rb6 $11 {½-½ (42) Carlsen,M 
(2882)-Ding Liren (2805) Saint Louis 2019}) 26. Nd2 Ne5 27. R7h6+ Kg7 28. Rh7+
Kg6 29. R4h6+ Kf5 30. Rh5+ Kg6 31. R7h6+ Kg7 32. Rh7+ Kg6 33. R7h6+ Kg7 34.
Bxe5 fxe5 35. Rh7+ Kg6 36. R7h6+ Kg7 37. Rh7+ Kg6 38. R7h6+ {½-½ Sevian,S 
(2654)-Narayanan,S (2611) Douglas 2019}) 13. Qxc3 Ne4 14. Qc2 $5 (14. Qb4 $5 {
is the first computer choice, but Black is just fine:} Na6 (14... a5 $5 15. Qb5
Bd7 16. Qxb7 Nc6 $1 17. Bd3 (17. Qxd7 $2 Qxb2 $19) 17... Nxg3 18. hxg3 Rab8 19.
Qxd7 Ne5 20. Bb1 Qxb2 21. Qc7 Rb7 22. Qc2 Nd3+ 23. Kd2 Nxc1 24. Rxc1 Rc8 25.
Qxb2 Rxb2+ 26. Bc2 Ra2 {with an easy draw.}) 15. Bxa6 Qxa6 16. Nb5 (16. Nf3
Nxg3 17. hxg3 e5 18. Qe4 Rd8 19. Nxe5 Qf6 {should be fine for Black}) (16. f3
Nxg3 17. hxg3 e5 18. Ne2 Qe6 $132) 16... b6 $1 17. O-O (17. Nc7 $2 Qd3 $1 $17)
17... Nxg3 18. fxg3 $1 Qa5 19. Qe4 Ba6 20. Rxf7 $1 Rxf7 21. Qg6+ Kf8 22. Qxh6+
Kg8 23. Qg6+ $11 {A very nice forced draw.}) 14... Qa5+ 15. Ke2 Nxg3+ (15...
Nf6 16. h4 {would give White huge compensation, but maybe not enough for an
advantage. For example:} g4 (16... Nc6 17. hxg5 Nxd4+ 18. exd4 Qxg5 19. Bh4 $1
{looks dangerous for Black.}) 17. f3 Nc6 18. Nxc6 bxc6 19. Kf2 Rd8 $132) (15...
e5 16. Qxe4 exd4 17. Qxd4 Nc6 18. Qc3 $14) (15... f5 $6 16. f3 Nxg3+ 17. hxg3
Nc6 18. Nxc6 bxc6 19. Kf2 $1 {is quite ugly for Black.}) 16. hxg3 Kg7 17. f4 {
White has a big threat there: b2-b4!} Bd7 $6 (17... Nc6 $1 {was a much better
move, and I believe Black is fine:} 18. Nxc6 (18. Nb3 Qf5 19. Qc3+ e5 $132)
18... bxc6 19. Kf2 (19. b4 Qxb4 20. fxg5 Qg4+ 21. Kf2 Qxg5 $15) 19... Rd8 20.
Rd1 Rxd1 21. Qxd1 Qf5 {and Black is definitely not worse.}) (17... gxf4 18.
gxf4 {just looks ugly for Black - opening up the g-file.}) 18. b4 $1 {A very
nice blow!} Qxb4 (18... Qd8 {would allow the white queen to the a1-h8 diagonal,
which looks very dangerous for Black:} 19. Qb2 (19. Nf3 $5) (19. b5 $5) (19.
Qc3 $5) 19... Qf6 $2 (19... e5 {is necessary}) 20. fxg5 hxg5 21. Nf5+ $1 $18)
19. fxg5 Rc8 $2 ({It may be that it wasn't too late to play} 19... Nc6 {
- some crazy computer line going:} 20. Nf3 (20. gxh6+ Kh8 $132) 20... Rfc8 21.
gxh6+ Kh8 22. Qd1 Ne5 23. Rxc8+ Rxc8 24. Nxe5 Qb2+ 25. Kf3 Qxe5 26. Qxd7 Qf6+
27. Ke2 Qb2+ $11) (19... Rh8 20. Qe4 $1 {looks very dangerous for Black.}) 20.
gxh6+ Kh8 21. Qxc8+ $1 Bxc8 22. Rxc8+ Kh7 23. Nf3 $1 {Another brilliant move.
Black is completely paralyzed.} (23. Kf2 {would allow} Qd2+ 24. Be2 Nc6 $1 25.
Rxa8 Nxd4 $11) 23... f6 (23... Qb2+ {doesn't help:} 24. Ke1 Qb1+ 25. Kf2 Qb2+
26. Be2 $18) 24. Kf2 (24. Rc7+ Kh8 25. Nh4 Nd7 26. Ng6+ Kg8 27. h7+ Kg7 28.
h8=Q+ Rxh8 29. Rxd7+ Kxg6 30. Rxh8 Qb5+ 31. Rd3 {was winning as well, but the
text move is stronger.}) 24... Qb2+ 25. Be2 Na6 {Black has no choice but to
sacrfice his a8-rook.} (25... a5 26. Rc7+ Kh8 27. Nh4 $18) 26. Rxa8 Nc5 27. Rd1
$5 (27. Rh4 $5) 27... Ne4+ 28. Kg1 $1 {Again, brilliant!} f5 (28... Qxe2 29.
Rd7+ {runs into a forced mate:} Kg6 30. Rg8+ Kh5 31. g4+ Kxh6 32. Rh8+ Kg6 33.
Nh4+ Kg5 34. Rg7#) ({So does} 28... Nxg3 29. Rd7+ Kxh6 30. Rh8+ Kg6 31. Nh4+
Kg5 32. Rg7#) 29. Bd3 $5 Qf2+ (29... Nf2 $2 30. Rd2 $18) 30. Kh1 Qxe3 31. Bxe4
fxe4 32. Rd7+ {Now it's easy.} Kg6 (32... Kxh6 33. Rh8+ Kg6 34. Rg8+ Kf6 35.
Rf8+ Kg6 36. Ne5+ Kg5 37. Rg7+ Kh6 38. Rfg8 $18) 33. Rg8+ 1-0

[Event "Lindores Abbey Final 8"]
[Site "chess24.com INT"]
[Date "2020.05.24"]
[Round "1.12"]
[White "So, Wesley"]
[Black "Carlsen, Magnus"]
[Result "0-1"]
[WhiteElo "2741"]
[BlackElo "2881"]
[Annotator "Mueller,Karsten"]
[PlyCount "128"]
[EventDate "2020.05.23"]
[EventType "k.o. (rapid)"]
[EventRounds "3"]
[EventCountry "USA"]
[SourceTitle "CBM 196 Extra"]
[Source "ChessBase"]
[SourceDate "2020.07.31"]
[SourceVersion "1"]
[SourceVersionDate "2020.07.31"]
[SourceQuality "1"]

{[%evp 0,128,30,26,26,22,25,25,25,25,11,1,12,15,16,10,6,26,37,33,24,12,30,24,
27,26,33,30,23,22,41,24,32,26,26,19,31,30,28,34,45,37,42,49,38,40,42,39,32,38,
50,10,53,45,62,4,47,38,45,39,19,25,43,53,55,55,63,61,68,70,85,63,67,93,129,64,
72,98,81,105,102,80,80,80,87,87,87,11,-4,0,37,-87,-12,-23,-25,-25,-18,-18,-13,
0,-73,-2,-1,-3,-16,0,0,0,0,0,0,0,0,0,0,0,0,-51,-62,-73,-14,-14,0,-324,-302,
-307,-308,-302,-294,-327,-333]} 1. e4 e5 2. Nf3 Nc6 3. Bb5 Nf6 4. d3 Bc5 5.
Bxc6 dxc6 6. O-O Qe7 7. Nbd2 Bg4 8. h3 Bh5 9. Nc4 Nd7 10. a3 a6 11. b4 Ba7 12.
Be3 Bxe3 13. Nxe3 f6 14. Nf5 Qf8 15. Ng3 Bf7 16. Qd2 g6 17. Nh2 h5 18. f4 exf4
19. Qxf4 O-O-O 20. e5 f5 21. Nf3 Qe7 22. Rae1 Rde8 23. h4 Bd5 24. Ng5 c5 25.
Re3 b5 26. Ne2 Bb7 27. Nc3 cxb4 28. axb4 Nf6 29. Rfe1 Ng4 30. R3e2 c5 31. e6
cxb4 32. Nf7 Qc7 33. Qxc7+ Kxc7 34. Nxh8 Rxh8 35. Nd1 Re8 36. e7 Bd5 37. Ne3
Nxe3 38. Rxe3 a5 39. Kf2 a4 40. Kg3 a3 41. Kf4 b3 42. cxb3 b4 43. d4 Kd6 44.
Re5 a2 45. Ra1 Bxb3 46. Rb5 Rxe7 47. Rxb4 Re4+ 48. Kg5 Rg4+ 49. Kf6 Rg3 50. Rb5
Bc4 51. Rc5 Bd5 52. Ra5 Bb3 53. Rc1 Rxg2 54. Rcc5 Rg1 55. Ra6+ Kd7 56. Ra7+ Kd6
57. Ra6+ Kd7 58. Rca5 Bc4 59. Ra7+ Kd6 60. Ra8 f4 {The cheeky passed pawn Part
2 White must play very carefully on account of the dangerous black passed
pawns. Der freche f-Freibauer Teil 2 Weiß muss aufgrund der gefährlichen
schwarzen Freibauern sehr genau agieren:} 61. Rd8+ $2 ({This misses the mate
or the amusing perpetual. Das verpasst den Matt bzw Dauerschachwitz} 61. Rc5 $1
{[%cal Ga8d8]} Kd7 (61... a1=Q $4 62. Rd8#) 62. Ra7+ $11) 61... Kc7 62. Rda8 (
62. Rf8 a1=Q 63. Rxa1 Rxa1 64. Kxg6 Rf1 65. Kxh5 f3 $19) 62... f3 63. Rxa2 Bxa2
64. Rxa2 Kd6 (64... Kd6 65. Rf2 Rg3 66. Rf1 Kd5 67. Rd1 f2 68. Rf1 Rg2 69. Ke7
Kxd4 $19) 0-1